[Event "ch-Arab m"]
[Site "Cairo EGY"]
[Date "2003.12.27"]
[Round "8"]
[White "Al Zendani,Z"]
[Black "Ayyad,M"]
[Result "1-0"]
[WhiteElo "2309"]
[BlackElo "2092"]

1.e4 c5 2.Nf3 e6 3.d4 cxd4 4.Nxd4 a6 5.Bd3 Qc7 6.O-O Nc6 7.Nb3 Nf6 8.f4 d6
9.Qe2 Be7 10.c4 Nb4 11.Nc3 Nxd3 12.Qxd3 O-O 13.Kh1 Bd7 14.Be3 Rac8 15.Nd2 b5
16.cxb5 Bxb5 17.Nxb5 axb5 18.Qxb5 Rb8 19.Qd3 Rxb2 20.Rfc1 Qd7 21.a4 Qb7 22.a5 d5
23.a6 Qa8 24.e5 Ne4 25.Nxe4 dxe4 26.Qc3 Rb4 27.a7 h5 28.Rcb1 Rxb1+ 29.Rxb1  1-0

[Event "Open"]
[Site "Lilie Litomysl CZE"]
[Date "2003.12.27"]
[Round "2"]
[White "Luch,M"]
[Black "Bernasek,J"]
[Result "0-1"]
[WhiteElo "2268"]
[BlackElo "2365"]

1.e4 c5 2.Nf3 e6 3.d4 cxd4 4.Nxd4 a6 5.Bd3 Qc7 6.c4 Nf6 7.Nc3 Nc6 8.Nxc6 dxc6
9.f4 e5 10.f5 Bc5 11.Bd2 b5 12.Qf3 Bb7 13.a3 Bd4 14.Rc1 bxc4 15.Bxc4 c5 16.Nd5 Bxd5
17.Bxd5 Nxd5 18.exd5 O-O 19.b4 e4 20.Qf4 Qb7 21.Qd6 e3 22.Bc3 Rad8 23.Qc6 Qe7
24.Qxa6 Qh4+ 25.g3 Qe4 26.Rf1 Bxc3+ 27.Ke2 Rxd5 28.Rcd1 Qg2+ 29.Kxe3 Re8+
30.Kf4  0-1

[Event "Christmas Open"]
[Site "Zurich SUI"]
[Date "2003.12.27"]
[Round "2"]
[White "Nilsson,S"]
[Black "De Vreugt,D"]
[Result "1-0"]
[WhiteElo "2158"]
[BlackElo "2451"]

1.e4 c5 2.Nf3 e6 3.d4 cxd4 4.Nxd4 a6 5.Bd3 Bc5 6.Nb3 Be7 7.c4 d6 8.O-O Nf6
9.Nc3 b6 10.Qe2 Bb7 11.Be3 Nbd7 12.f4 h5 13.Bd4 Nc5 14.Rad1 h4 15.Bc2 Qc7
16.e5 Nh5 17.Ne4 d5 18.cxd5 Bxd5 19.Nbxc5 bxc5 20.Ba4+ Kf8 21.Rc1 c4 22.b3 Qa5
23.f5 Ba3 24.fxe6 Bxc1 25.Bc5+ Kg8 26.exf7+ Bxf7 27.Rxf7 Kxf7 28.Qxc4+ Kg6
29.Qxc1 Qd8 30.Nd6 Rf8 31.Bc6 Nf4 32.Be4+ Kh6 33.Bxa8 Qxa8 34.Qd2 g5 35.Nc4 Rd8
36.Bd6 h3 37.Ne3 hxg2 38.Ng4+ Kh5 39.Nf6+ Kh6 40.Ng4+  1-0

[Event "24th Open"]
[Site "Bethune FRA"]
[Date "2003.12.28"]
[Round "4"]
[White "Steenbekkers,F"]
[Black "Deneufeglise,P"]
[Result "1-0"]
[WhiteElo "2184"]
[BlackElo "1926"]

1.e4 c5 2.Nf3 e6 3.d4 cxd4 4.Nxd4 a6 5.Bd3 Nc6 6.Nb3 Qc7 7.f4 d6 8.Nc3 Nf6
9.Qf3 Be7 10.Be3 b5 11.O-O Bb7 12.Qh3 h5 13.Kh1 Nb4 14.a3 Nxd3 15.cxd3 Ng4
16.Bg1 g6 17.Rac1 Qd7 18.Na5 O-O 19.Nxb7 Qxb7 20.Qg3 Kh7 21.h3 Nh6 22.Bd4 f5
23.Qe3 Rf7 24.exf5 Nxf5 25.Qxe6 Raf8 26.Bf2 Bh4 27.Nd5 Bxf2 28.Rxf2 Qa7 29.Rfc2 Qd4
30.Rc7 Rxc7 31.Rxc7+ Kh6 32.g4 hxg4 33.hxg4 Ng7 34.g5+ Kh7 35.Qh3+ Kg8 36.Ne7+  1-0

[Event "Open"]
[Site "Lilie Litomysl CZE"]
[Date "2003.12.29"]
[Round "6"]
[White "Luch,M"]
[Black "Benda,R"]
[Result "1-0"]
[WhiteElo "2268"]
[BlackElo "2038"]

1.e4 c5 2.Nf3 e6 3.d4 cxd4 4.Nxd4 a6 5.Bd3 Qc7 6.c4 Nf6 7.Nc3 b6 8.Be3 Bb7
9.O-O d6 10.Rc1 Nbd7 11.f3 Be7 12.b3 Rd8 13.Qe2 O-O 14.g4 h6 15.Qg2 Ne5 16.Be2 Ng6
17.Bd3 Nh7 18.f4 Nh4 19.Qf2 Rb8 20.a4 g5 21.f5 e5 22.Nde2 Ba8 23.Nd5 Bxd5
24.cxd5 Qb7 25.Ng3 Nf6 26.Qe2 b5 27.axb5 axb5 28.Nh5 Nxh5 29.gxh5 b4 30.Ba6 Qd7
31.Rc6 Kh7 32.h3 Rg8 33.Kh2 Qd8 34.f6 Bxf6 35.Ba7 Ra8 36.Bb6 Qe7 37.Rc7 Qe8
38.Rxf6 Rg7 39.Rxd6 g4 40.hxg4 Rxa6 41.Qxa6 Rxg4 42.Be3 Nf3+ 43.Kh3 Rh4+
44.Kg3 Qg8+  1-0

[Event "19th Winter Open"]
[Site "Nice FRA"]
[Date "2003.12.29"]
[Round "6"]
[White "Olivier,JC"]
[Black "Pascal,P"]
[Result "1-0"]
[WhiteElo "2398"]
[BlackElo "2183"]

1.e4 c5 2.Nf3 e6 3.d4 cxd4 4.Nxd4 a6 5.Bd3 Bc5 6.Nb3 Ba7 7.Qe2 Nc6 8.Be3 Nf6
9.Bxa7 Rxa7 10.O-O Qc7 11.N1d2 d5 12.Rfe1 dxe4 13.Nxe4 Nxe4 14.Bxe4 O-O 15.Rad1 b6
16.Qd3 g6 17.Qd6 Ne7 18.c3 a5 19.Qxc7 Rxc7 20.Rd6 e5 21.Rxb6 a4 22.Nc1 a3
23.Ne2 axb2 24.Rxb2 Ba6 25.Rc1 Rfc8 26.f3 Bxe2 27.Rxe2 Rxc3 28.Rec2 Rxc2
29.Rxc2 Rd8 30.Kf2 Rd1 31.Ke2 Rg1 32.Kd3 f5 33.Bb7 Kf7 34.Kc4 Rb1 35.Ba6 Ke6
36.Kc5 e4 37.fxe4 fxe4 38.Kd4 Rb4+ 39.Bc4+ Kf5 40.Rf2+ Kg5 41.Kc3 Rb8 42.a4 Ra8
43.Ra2 Kf4 44.a5 Nc6 45.a6 Ra7 46.Bd5 Ne7 47.Bb7 Nf5 48.Rb2 Ke3 49.Rb6 Kf2
50.Bxe4 Ne3 51.Bb7 Kg1 52.h3 Kh2 53.Kd3 Nxg2 54.Rb2 Rxa6 55.Bxa6 Kxh3 56.Ke2 h5
57.Kf2 Nf4 58.Bc8+ Kh4 59.Kf3 Nd3 60.Re2 Nc5 61.Rd2 Nb3 62.Rd3 Nc1 63.Rc3 Na2
64.Rc2  1-0

[Event "ch-AUS"]
[Site "Adelaide AUS"]
[Date "2003.12.31"]
[Round "3"]
[White "Haasse,A"]
[Black "Eriksson,I"]
[Result "1/2-1/2"]
[WhiteElo "2179"]
[BlackElo "2096"]

1.e4 c5 2.Nf3 e6 3.d4 cxd4 4.Nxd4 a6 5.Bd3 Nc6 6.Nxc6 dxc6 7.O-O e5 8.Nd2 Qc7
9.a4 Nf6 10.Nc4 b5 11.axb5 cxb5 12.Ne3 Bb7 13.f3 Bc5 14.Kh1 Bxe3 15.Bxe3 O-O
16.Qe2 Nd7 17.Qf2 Bc6 18.c3 Qb7 19.Bc2 Rab8 20.Rfd1 Rfd8 21.Rd6 Nf8 22.Qd2 Rd7
23.Rxd7 Nxd7 24.Qd6 Re8 25.Bb3 Nb8 26.Rd1 Qe7 27.Qxe7 Rxe7 28.Bc5 Re8 29.Rd6 Rc8
30.Ba7 Nd7 31.Bd5 Bxd5 32.Rxd5 Nb8 33.Bxb8 Rxb8 34.Rxe5 Kf8 35.Rd5 Ke7 36.Kg1 b4
37.cxb4 Rxb4 38.Rd2 Rb3 39.Kf2 a5 40.Kg3 a4 41.h4 h5 42.Kf4 g6 43.g3 a3 44.bxa3 Rxa3
45.Rb2 Ra6 46.Rb7+ Ke6 47.Rb3 Ra5 48.Rb6+ Ke7 49.g4 hxg4 50.fxg4 Rc5 51.Rb1 Ke6
52.Rh1 Ra5 53.Rb1 Rc5 54.Rb6+ Ke7 55.Rb8 Kf6 56.Re8 Rc4 57.Rd8 Rc5 58.Rd5 Rc1
59.e5+ Kg7 60.Ra5 Rf1+ 61.Kg5 Re1  1/2-1/2

[Event "Hilton Chess Festival"]
[Site "Basel SUI"]
[Date "2004.01.01"]
[Round "1"]
[White "Djuric,S"]
[Black "Blaeser,S"]
[Result "0-1"]
[WhiteElo "2487"]
[BlackElo "2103"]

1.e4 e6 2.d4 c5 3.Nf3 cxd4 4.Nxd4 a6 5.Bd3 Qb6 6.Nb3 Nc6 7.O-O Nf6 8.Bf4 d6
9.a4 Be7 10.Nc3 O-O 11.Qe2 Qc7 12.h3 b6 13.Rfd1 Bb7 14.Bg3 Ne5 15.Bf4 Rfe8
16.Rac1 Nfd7 17.Qf1 Ng6 18.Bg3 Bg5 19.Rb1 Bf4 20.Bxf4 Nxf4 21.g3 Nxd3 22.cxd3 Nc5
23.Nxc5 dxc5 24.d4 f5 25.dxc5 Qxc5 26.Qd3 Qc6 27.Qd6 fxe4 28.Qxc6 Bxc6 29.Rd6 Rac8
30.Rbd1 Kf7 31.Re1 Ke7 32.Rd4 a5 33.Nxe4 Red8 34.Rc4 Bd5 35.Rxc8 Rxc8 36.Nc3 Bb7
37.Rc1 Rd8 38.Rd1 Rxd1+ 39.Nxd1 Bc6 40.Nc3 Kd6 41.Kf1 Kc5 42.Ke2 Kb4 43.Kd2 Bxa4
44.Ne4 h6 45.Nc3 Bc6 46.Ne2 e5 47.f4 Bb5 48.Nc3 exf4 49.gxf4 Bd7 50.h4 Kb3
51.Kc1 Kc4 52.Kd2 b5 53.Ne4 Kd4 54.Nd6 a4  0-1

[Event "Hilton Chess Festival"]
[Site "Basel SUI"]
[Date "2004.01.02"]
[Round "4"]
[White "Gallagher,Jo"]
[Black "Siebrecht,S"]
[Result "1-0"]
[WhiteElo "2524"]
[BlackElo "2397"]

1.e4 c5 2.Nf3 e6 3.d4 cxd4 4.Nxd4 a6 5.Bd3 Qc7 6.O-O Nf6 7.Qe2 d6 8.c4 g6
9.Nc3 Bg7 10.Rd1 O-O 11.Nf3 Nbd7 12.Bf4 Nh5 13.Be3 Nhf6 14.Rac1 h6 15.h3 Kh7
16.Bb1 Ne5 17.Na4 Bd7 18.Nb6 Rad8 19.Nd2 Bc6 20.f4 Ned7 21.Nxd7 Rxd7 22.b4 b6
23.Qf2 Rb8 24.Re1 Rdd8 25.a3 Re8 26.Bd3 Qb7 27.e5 dxe5 28.fxe5 Ng8 29.Bf4 Rbd8
30.Bb1 Ne7 31.Ne4 Bxe4 32.Bxe4 Qc7 33.c5 b5 34.Rcd1 Nd5 35.Bxd5 exd5 36.e6 Qa7
37.exf7 Qxf7 38.Bd6 Qb7 39.Rxe8 Rxe8 40.Qf3 Re4 41.Kh2 Kg8 42.Qb3 Rc4 43.Qg3 Qf7
44.Be5 Bf8 45.Rxd5 a5 46.Rd8 Kh7 47.Qf3  1-0

[Event "10th Open"]
[Site "Bosnjaci CRO"]
[Date "2004.01.04"]
[Round "3"]
[White "Ljubicic,F"]
[Black "Drazic,S"]
[Result "0-1"]
[WhiteElo "2413"]
[BlackElo "2499"]

1.e4 c5 2.Nf3 e6 3.d4 cxd4 4.Nxd4 a6 5.Bd3 Nc6 6.Nxc6 dxc6 7.O-O e5 8.Nd2 Nf6
9.Nc4 Bg4 10.Qe1 Nd7 11.a4 b5 12.axb5 axb5 13.Rxa8 Qxa8 14.Qa5 Qb7 15.Ne3 Be6
16.Bd2 Bc5 17.Ra1 O-O 18.Qa6 Qc7 19.Nf5 Bxf5 20.exf5 Qd6 21.Be1 Rb8 22.Be4 Bb6
23.Qa3 Qc7 24.Qf3 Rc8 25.g4 h6 26.h4 Nc5 27.g5 Nxe4 28.Qxe4 Qd7 29.Ra3 Qd5
30.Qg4 h5 31.Qxh5 Qe4 32.Kf1 Qxf5 33.Rf3 Qe6 34.Rg3 Qc4+ 35.Qe2 Qxh4 36.Qxe5 Qc4+
37.Qe2 Qxe2+ 38.Kxe2 Kh7 39.Bd2 Re8+ 40.Kf3 Kg6 41.Rg1 Rd8 42.Bc1 Rd5 43.Rf1 Bd8
44.Ke4 Bxg5 45.Rg1 Kf6 46.f4 Bh6  0-1

[Event "TCh-BEL2 2003-4"]
[Site "Belgium BEL"]
[Date "2004.01.11"]
[Round "6"]
[White "Dardha,A"]
[Black "Bouhallel,R"]
[Result "0-1"]
[WhiteElo "2260"]
[BlackElo "2302"]

1.e4 c5 2.Nf3 e6 3.d4 cxd4 4.Nxd4 a6 5.Bd3 Qc7 6.Qe2 d6 7.f4 Nd7 8.Be3 Ngf6
9.Nc3 Be7 10.g4 Nc5 11.g5 Nfd7 12.Rf1 b5 13.f5 Ne5 14.a3 Bd7 15.f6 gxf6 16.gxf6 Bf8
17.Nf3 Bc6 18.Bf4 Ncd7 19.Nd4 Bb7 20.Nb3 Rc8 21.Rd1 Ng6 22.Bg3 h5 23.h3 h4
24.Bh2 Rh6 25.Nd4 Nge5 26.Bf4 Rxf6 27.Bg5 Rxf1+ 28.Kxf1 Ng6 29.e5 Ndxe5 30.Nxe6 fxe6
31.Bxg6+ Nxg6 32.Qxe6+ Ne7 33.Bxe7 Bxe7 34.Qg6+ Kd8 35.Rd4 Qc5 36.Ne2 Qxc2
37.Qf7 Rc5 38.Nf4 Rf5 39.Qg8+ Rf8 40.Qg7 Rxf4+ 41.Rxf4 Qc1+  0-1

[Event "17th Itau Cup 450th Ann"]
[Site "Sao Paulo BRA"]
[Date "2004.01.18"]
[Round "2"]
[White "De Lima,D"]
[Black "Milos,G"]
[Result "0-1"]
[WhiteElo "2073"]
[BlackElo "2594"]

1.e4 c5 2.Nf3 e6 3.d4 cxd4 4.Nxd4 a6 5.Bd3 Bc5 6.Be3 Qb6 7.Nb3 Bxe3 8.fxe3 Qxe3+
9.Qe2 Qxe2+ 10.Kxe2 Nc6 11.Nc3 Nf6 12.Rhf1 b5 13.h3 d6 14.Rad1 Ke7 15.g4 Bb7
16.Rf2 Rac8 17.Ke3 Ne5 18.g5 Nfd7 19.Rdf1 h6 20.g6 fxg6 21.Ne2 Nf6 22.Nbd4 g5
23.Ng3 h5 24.Nge2 Rcf8 25.Rg1 g4 26.Nf4 Bc8 27.Rfg2 g5 28.Nfe2 gxh3 29.Rxg5 Nfg4+
30.Kd2 h2 31.Rh1 Kf6  0-1

[Event "1st WinTV Open"]
[Site "Chennai IND"]
[Date "2004.01.27"]
[Round "8"]
[White "Konguvel,P"]
[Black "Gokhale,J"]
[Result "1-0"]
[WhiteElo "2366"]
[BlackElo "2308"]

1.e4 c5 2.Nf3 e6 3.d4 cxd4 4.Nxd4 a6 5.Bd3 Nc6 6.Nxc6 dxc6 7.Nd2 e5 8.Nc4 Bd6
9.Nxd6+ Qxd6 10.O-O Nf6 11.b3 O-O 12.a4 Re8 13.a5 Be6 14.Qe2 Rad8 15.Rd1 Qc5
16.Be3 Qc3 17.f3 Rd7 18.Qd2 Qxd2 19.Rxd2 Rc8 20.b4 Kf8 21.Rad1 Ke8 22.Kf2 Rdd8
23.Bb6 Rd6 24.Bc5 Rdd8 25.Be3 Nd7 26.Be2 Nf8 27.Bc5 Rxd2 28.Rxd2 Nd7 29.Bd6 f6
30.c4 Nf8 31.g3 Rd8 32.f4 Nd7 33.Ke3 g6 34.h4 exf4+ 35.gxf4 Nf8 36.Rd4 Nd7
37.Bd3 Rc8 38.c5 Nf8 39.f5 gxf5 40.exf5 Bd5 41.Be4 Nd7 42.Bxd5 cxd5 43.Rxd5 Nb8
44.Bxb8  1-0

[Event "75th ch-GER"]
[Site "Hoeckendorf GER"]
[Date "2004.01.30"]
[Round "1"]
[White "Kritz,L"]
[Black "Voigt,R"]
[Result "1-0"]
[WhiteElo "2534"]
[BlackElo "2381"]

1.e4 c5 2.Nf3 e6 3.d4 cxd4 4.Nxd4 a6 5.Bd3 Qc7 6.O-O Nf6 7.Qe2 d6 8.c4 Be7
9.b3 b6 10.Bb2 Bb7 11.Nc3 Nbd7 12.Rac1 O-O 13.Kh1 Rac8 14.f4 Qb8 15.Bb1 Rfd8
16.g4 Nf8 17.g5 Ne8 18.h4 g6 19.f5 d5 20.fxe6 Nxe6 21.Nxe6 fxe6 22.Nxd5 exd5
23.exd5 Qd6 24.Qf3  1-0

[Event "TCh-FRA Nat1 GpB"]
[Site "Cannes FRA"]
[Date "2004.01.31"]
[Round "2"]
[White "Rouchouse,S"]
[Black "Rotstein,A"]
[Result "0-1"]
[WhiteElo "2187"]
[BlackElo "2519"]

1.e4 c5 2.Nf3 e6 3.d4 cxd4 4.Nxd4 a6 5.Bd3 Nf6 6.O-O d6 7.Kh1 Be7 8.f4 Nbd7
9.Qf3 O-O 10.Be3 Nc5 11.Nb3 Nxd3 12.cxd3 Bd7 13.Nc3 Rc8 14.Rac1 b5 15.a3 a5
16.Nd4 b4 17.Ncb5 Rxc1 18.Rxc1 e5 19.Nc6 Bxc6 20.Rxc6 Qd7 21.Rb6 Rc8 22.a4 d5
23.fxe5 dxe4 24.Qh3 Qxh3 25.gxh3 Nd5  0-1

[Event "TCh-BEL 2003-4"]
[Site "Belgium BEL"]
[Date "2004.02.01"]
[Round "8"]
[White "Jens,J"]
[Black "Antoniewski,R"]
[Result "1-0"]
[WhiteElo "2394"]
[BlackElo "2498"]

1.e4 c5 2.Nf3 e6 3.d4 cxd4 4.Nxd4 a6 5.Bd3 Qc7 6.O-O Nf6 7.Qe2 d6 8.c4 g6
9.Nc3 Bg7 10.Be3 Nbd7 11.Rac1 O-O 12.b3 b6 13.Rfd1 Bb7 14.f3 Rfe8 15.Qf2 Rad8
16.Bf1 Qb8 17.b4 Rc8 18.Nb3 Ne5 19.Na4 d5 20.Nxb6 Rcd8 21.exd5 Neg4 22.fxg4 Nxg4
23.Qf4 Bh6 24.Qxh6 Nxh6 25.Bxh6 Bxd5 26.Nxd5 exd5 27.cxd5 Qxb4 28.Bg5 Rd6
29.Rd4 Qb6 30.Kh1 Re5 31.Bf4 Rdxd5 32.Bxe5 Rxe5 33.Bc4 Rf5 34.Rdd1 a5 35.Nd4 Rf2
36.Nf3 Qb2 37.Rb1 Qc2 38.Bb3 Qf5 39.Rf1 Kg7 40.Rbd1 Rb2 41.Nh4 Qg4 42.Rxf7+ Kh6
43.Nf5+ Kh5 44.Rxh7+ Kg5 45.Ng3 Rxb3 46.Rd5+ Kf6 47.axb3 Qb4 48.h3 Ke6 49.Rd3 a4
50.Re3+  1-0

[Event "9th HIT Open"]
[Site "Nova Gorica SLO"]
[Date "2004.02.05"]
[Round "9"]
[White "Krivec,J"]
[Black "Gombac,Jan"]
[Result "1-0"]
[WhiteElo "2301"]
[BlackElo "2269"]

1.e4 c5 2.Nf3 e6 3.d4 cxd4 4.Nxd4 a6 5.Bd3 Bc5 6.Nb3 Ba7 7.O-O Nc6 8.Qe2 d6
9.Be3 Bxe3 10.Qxe3 Nf6 11.c4 e5 12.Nc3 O-O 13.Rfd1 Be6 14.Bf1 Rc8 15.Rac1 Na5
16.Nxa5 Qxa5 17.Rxd6 Bxc4 18.Bxc4 Rxc4 19.Rcd1 Qb4 20.Rxf6 gxf6 21.Nd5 Qd6
22.Qh6 Kh8 23.Ne3  1-0

[Event "IV Comunic Masters"]
[Site "Sao Paulo BRA"]
[Date "2004.02.05"]
[Round "2"]
[White "Cruz,A BOL"]
[Black "Dumont,S"]
[Result "0-1"]
[WhiteElo "2244"]
[BlackElo "2341"]

1.e4 c5 2.Nf3 e6 3.d4 cxd4 4.Nxd4 a6 5.Bd3 g6 6.O-O Bg7 7.Nf3 Nc6 8.Re1 d6
9.c3 Nge7 10.Nbd2 O-O 11.Qe2 b5 12.Nf1 b4 13.cxb4 Nxb4 14.Bb1 a5 15.a3 Ba6
16.Qd1 Nbc6 17.Bd3 d5 18.e5 Qb8 19.Rb1 Bxd3 20.Qxd3 Nxe5 21.Nxe5 Bxe5 22.b4 Bg7
23.b5 d4 24.Bb2 a4 25.Nd2 Rd8 26.Nc4 Qxb5 27.Bc1 Qf5 28.Re4 Rab8 29.g4 Qc5
30.Nd2 Nd5 31.Bb2 e5 32.Rc1 Qb5 33.Nc4 Nf4 34.Qf1 Qd5 35.Rce1 Rdc8 36.Nxe5 Bxe5
37.Rxe5 Qf3  0-1

[Event "AS04 Centenary"]
[Site "Copenhagen DEN"]
[Date "2004.02.07"]
[Round "1"]
[White "Hermansson,E"]
[Black "Olsen,M"]
[Result "1-0"]
[WhiteElo "2429"]
[BlackElo "1980"]

1.e4 c5 2.Nf3 e6 3.d4 cxd4 4.Nxd4 a6 5.Bd3 Qc7 6.O-O Nf6 7.Qe2 d6 8.c4 Be7
9.Nc3 O-O 10.b3 Nbd7 11.Bb2 b6 12.Rad1 Bb7 13.Bb1 Rfe8 14.f4 Bf8 15.Nf3 Rac8
16.Kh1 Qb8 17.Rde1 h6 18.e5 dxe5 19.fxe5 Bxf3 20.Rxf3 Ng4 21.Qd3 f5 22.Qxd7 Nxe5
23.Qd2 Rcd8 24.Qe2 Nxf3 25.gxf3 Qf4 26.Bc1 Qd4 27.Na4 Bb4 28.Rg1 g5 29.Bb2 Qf4
30.Be5 Qd2 31.Qf1 Qe3 32.Bc7 Rd2 33.Bxb6 Qf4 34.Rg2 Rxg2 35.Kxg2 Bd6 36.Bg1 Rd8
37.Bd3 Qd2+ 38.Qe2 Qxe2+ 39.Bxe2 Bf4 40.Kf1  1-0

[Event "AS04 Centenary"]
[Site "Copenhagen DEN"]
[Date "2004.02.09"]
[Round "3"]
[White "Hansen,LH"]
[Black "Vasilevich,T"]
[Result "0-1"]
[WhiteElo "2097"]
[BlackElo "2393"]

1.e4 c5 2.Nf3 e6 3.d4 cxd4 4.Nxd4 a6 5.Bd3 Qc7 6.O-O Nf6 7.Kh1 Bc5 8.Nb3 Be7
9.f4 d6 10.c4 Nbd7 11.Nc3 O-O 12.Rf3 b6 13.Rh3 Bb7 14.a4 Rac8 15.Be3 Rfe8
16.Qe2 g6 17.Rf1 Bf8 18.Qf2 Bg7 19.Qh4 Qb8 20.Bd4 Qa8 21.Nd2 h5 22.Rg3 e5
23.fxe5 dxe5 24.Bg1 Qb8 25.Nd5 Bxd5 26.exd5 e4 27.Nxe4 Nxe4 28.Bxe4 Rxc4
29.Qh3 Ne5 30.Bb1 Rxa4 31.Ra3 Rxa3 32.Qxa3 a5 33.Ba2 Bf8 34.Qa4 Rc8 35.Qf4 Bg7
36.Bd4 Rf8 37.Qe3 Ng4 38.Qc3 Qxh2+  0-1

[Event "12th Aosta Open"]
[Site "St Vincent ITA"]
[Date "2004.02.10"]
[Round "4"]
[White "Charbonneau,P"]
[Black "Medancic,R"]
[Result "1-0"]
[WhiteElo "2485"]
[BlackElo "2277"]

1.e4 c5 2.Nf3 e6 3.d4 cxd4 4.Nxd4 a6 5.Bd3 Nf6 6.Qe2 d6 7.O-O Qc7 8.c4 Nbd7
9.b3 Be7 10.Bb2 O-O 11.Nc3 b6 12.f4 Bb7 13.Rae1 b5 14.cxb5 axb5 15.e5 Qb6
16.Nxb5 Rxa2 17.exf6 Bxf6 18.Kh1 Nc5 19.Bb1 Rxb2 20.Qxb2 Qxb5 21.Nxb5 Bxb2
22.Nxd6 Ba6 23.Rf3 Ba3 24.f5 exf5 25.Bxf5 g6 26.Bc2 Nd7 27.Nxf7 Rc8 28.Bd3 Bb7
29.Nh6+ Kg7 30.Rf7+ Kxh6 31.Rxd7 Bc6 32.Rd4 Rf8 33.h3 Rf2 34.Be4 Bb2 35.Rc4  1-0

[Event "AS04 Centenary"]
[Site "Copenhagen DEN"]
[Date "2004.02.14"]
[Round "8"]
[White "Nielsen,JW"]
[Black "Skovgaard,P2"]
[Result "1/2-1/2"]
[WhiteElo "2128"]
[BlackElo "2035"]

1.e4 c5 2.Nf3 e6 3.d4 cxd4 4.Nxd4 a6 5.Bd3 Bc5 6.Nb3 Be7 7.Nc3 d6 8.f4 Nd7
9.Qf3 Qc7 10.Be3 Ngf6 11.g4 g5 12.h4 gxf4 13.Bxf4 h5 14.g5 Ng4 15.O-O-O Nde5
16.Qg3 Ng6 17.Be2 Nxf4 18.Qxf4 Ne5 19.Kb1 b5 20.Rd4 Rb8 21.a3 Rh7 22.Rhd1 Bd7
23.Qf1 Qb6 24.a4 Nc6 25.R4d2 b4 26.Na2 a5 27.Bb5 Ne5 28.Bxd7+ Nxd7 29.Qf2 Qc6
30.Nxa5 Qxa4 31.Qa7 Rb5 32.Nc6 Qxa7 33.Nxa7 Re5 34.Nc6 Rxe4 35.Nxe7 Kxe7
36.Rxd6 Ne5 37.R6d4 Rxd4 38.Rxd4 f6 39.gxf6+ Kxf6 40.Nxb4 Rg7 41.Nd3 Rg1+
42.Ka2 Rg4 43.Rf4+ Rxf4 44.Nxf4 Nf3 45.Nxh5+ Ke5 46.b4 Nxh4 47.Kb3 Nf5 48.Kc4 Kd6
49.Nf6 Kc6 50.b5+ Kb6 51.Nd7+ Kc7 52.Nc5 Ne3+ 53.Kd3 Nxc2 54.Nxe6+  1/2-1/2

[Event "X Open"]
[Site "Coria del Rio ESP"]
[Date "2004.02.17"]
[Round "7"]
[White "Perez Garcia,R"]
[Black "Barria,D"]
[Result "0-1"]
[WhiteElo "2145"]
[BlackElo "2351"]

1.e4 c5 2.Nf3 e6 3.d4 cxd4 4.Nxd4 a6 5.Bd3 Nf6 6.O-O d6 7.Qe2 Be7 8.c4 O-O
9.b3 b6 10.Bb2 Bb7 11.Nd2 Nbd7 12.Rae1 Re8 13.f4 e5 14.Nf5 Bf8 15.Qf3 b5
16.Bb1 g6 17.Ne3 Bh6 18.fxe5 dxe5 19.Re2 Rc8 20.Nd5 Bxd5 21.exd5 Bxd2 22.Rxd2 bxc4
23.Rdf2 Qa5 24.bxc4 Rxc4 25.Bc2 Rf4 26.Qe2 Qxa2 27.Bb1 Rxf2 28.Qxf2 Qxd5
29.Bc1 Rc8 30.Bg5 Rc6 31.Ba2 Qe4 32.Bb1 Qd4 33.Be3 Qa4 34.Bg5 Qd4 35.Be3 Qa4
36.Bg5 Kg7 37.Kh1 h6 38.Be3 Rd6 39.Ba2 Rd1 40.Bb1 Rxf1+ 41.Qxf1 Qc6  0-1

[Event "53rd ch-BUL w"]
[Site "Sofia BUL"]
[Date "2004.02.19"]
[Round "3"]
[White "Djingarova,E"]
[Black "Shtereva,S"]
[Result "1-0"]
[WhiteElo "2344"]
[BlackElo "2095"]

1.e4 c5 2.Nf3 e6 3.d4 cxd4 4.Nxd4 a6 5.Bd3 Nc6 6.Nxc6 dxc6 7.Nd2 e5 8.Nc4 Qc7
9.Bd2 Bc5 10.Qh5 Nf6 11.Qxe5+ Qxe5 12.Nxe5 O-O 13.Bc3 Re8 14.O-O b5 15.a3 Bd6
16.Nxc6 Nxe4 17.Bxe4 Rxe4 18.Rad1 Bf8 19.Rfe1 Bf5 20.Nd4 Rxe1+ 21.Rxe1 Bg6
22.Bb4 Rd8 23.c3 Bxb4 24.axb4 Kf8 25.f3 Rd7 26.Kf2 Rd8 27.Re5 Rc8 28.Rd5 Ke7
29.Nb3 Rc6 30.Nc5 Rd6 31.Rxd6 Kxd6 32.Nxa6 Kd5 33.Ke3 Kc4 34.Nc7 Bf5 35.Ne8 Kb3
36.Nxg7 Bg6 37.f4 f5 38.Kd4 Kxb2 39.c4 bxc4 40.Kxc4 Bf7+ 41.Kc5  1-0

[Event "Premier"]
[Site "Portsmouth ENG"]
[Date "2004.02.22"]
[Round "5"]
[White "Purkiss,W"]
[Black "Sugden,J"]
[Result "0-1"]
[WhiteElo "2084"]
[BlackElo "2180"]

1.e4 c5 2.Nf3 e6 3.d4 cxd4 4.Nxd4 a6 5.Bd3 b5 6.e5 Bb7 7.O-O Ne7 8.a4 b4
9.Nd2 Nec6 10.N4f3 d6 11.exd6 Bxd6 12.Ne4 Be7 13.Bg5 h6 14.Bxe7 Qxe7 15.Re1 Nd7
16.Qe2 Nf6 17.Rad1 Nxe4 18.Qxe4 Rc8 19.h4 Nb8 20.Qg4 O-O 21.Ne5 Bd5 22.Re3 a5
23.h5 Nc6 24.Ng6 fxg6 25.Qxg6 Qf6 26.Qh7+ Kf7 27.Bg6+ Ke7 28.Rxd5 Rh8 29.Rxe6+ Kxe6
30.Bf7+ Kxf7 31.Qe4 Rhe8 32.Qc4 Qe6 33.f4 Kg8 34.f5 Qe1+ 35.Kh2 Kh8  0-1

[Event "ch-CZE w"]
[Site "Karlovy Vary CZE"]
[Date "2004.02.24"]
[Round "6"]
[White "Holusova,T"]
[Black "Hitzgerova,G"]
[Result "0-1"]
[WhiteElo "2180"]
[BlackElo "2190"]

1.e4 c5 2.Nf3 e6 3.d4 cxd4 4.Nxd4 a6 5.Bd3 Qc7 6.O-O Nf6 7.Kh1 d6 8.f4 Nbd7
9.a4 b6 10.Nc3 Bb7 11.Bd2 g6 12.Qe2 Bg7 13.Nf3 O-O 14.Rae1 Rfe8 15.Qf2 Nc5
16.Qh4 Bc6 17.Ng5 h6 18.Nh3 Qb7 19.f5 exf5 20.Bxh6 Ncxe4 21.Bxg7 Kxg7 22.Nxe4 Nxe4
23.Kg1 Rh8 24.Qf4 Rae8 25.Re2 b5 26.Nf2 Qb6 27.Kh1 Nxf2+ 28.Rexf2 Rh5 29.Be2 Rh7
30.Bf3 Qxf2  0-1

[Event "53rd ch-BUL w"]
[Site "Sofia BUL"]
[Date "2004.02.25"]
[Round "9"]
[White "Gocheva,R"]
[Black "Shtereva,S"]
[Result "1-0"]
[WhiteElo "2219"]
[BlackElo "2095"]

1.e4 c5 2.Nf3 e6 3.d4 cxd4 4.Nxd4 a6 5.Bd3 d6 6.c4 Nf6 7.Nc3 b6 8.O-O Bb7
9.Qe2 Nbd7 10.b3 Qc7 11.Bb2 Be7 12.Rad1 O-O 13.Bb1 Rfe8 14.f4 Rac8 15.Rd3 e5
16.fxe5 Nxe5 17.Rg3 Ng6 18.Qd3 d5 19.Nxd5 Bxd5 20.exd5 Bd6 21.Nf5 Bxg3 22.hxg3 Ne5
23.Qd2 Nfg4 24.Bd4 f6 25.Rf4 Qf7 26.Bxe5 Qh5 27.Bd4 Qh2+ 28.Kf1 Qh1+ 29.Bg1 Nh2+
30.Kf2 g5 31.Rd4 Re5 32.d6 Rd8 33.Nh6+ Kf8 34.d7 Nf3 35.gxf3 Qxh6 36.Qb4+ Re7
37.Bf5 g4 38.Re4 Qg7 39.Rxg4 Qh6 40.Be6  1-0

[Event "ch-CZE junior"]
[Site "Karlovy Vary CZE"]
[Date "2004.02.27"]
[Round "11"]
[White "Simek,P2"]
[Black "Londyn,R"]
[Result "0-1"]
[WhiteElo "2155"]
[BlackElo "2216"]

1.e4 c5 2.Nf3 e6 3.d4 cxd4 4.Nxd4 a6 5.Bd3 Qc7 6.O-O Nf6 7.Nc3 Nc6 8.Be3 Nxd4
9.Bxd4 Bc5 10.Bxf6 gxf6 11.Qg4 Kf8 12.Kh1 h5 13.Qh4 Be7 14.f4 b5 15.Rae1 Bb7
16.a3 Qc5 17.Qh3 Rh6 18.e5 f5 19.Be2 Rg6 20.Bf3 Bxf3 21.Qxf3 Qc6 22.Rd1 Ke8
23.Ne2 Qxf3 24.Rxf3 Rc8 25.c3 f6 26.Rfd3 Rc7 27.g3 fxe5 28.fxe5 Rg4 29.Nf4 h4
30.Kg2 hxg3 31.hxg3 Bh4 32.Rh1 Rc4 33.Nh5 Be7 34.Rd6 Bxd6 35.Nf6+ Kf7 36.Nxg4 Rxg4
37.exd6 e5 38.Kf2 Rg6 39.Rd1 Ke6 40.b3 Rg8 41.Rd3 e4 42.Rd4 Ke5 43.a4 Rc8
44.axb5 axb5 45.Rb4 Rc5 46.g4 f4 47.g5 Rxc3 48.Rxb5+ Kxd6 49.Rf5 Rf3+ 50.Ke2 Ke6
51.Rf8 Ke5 52.g6 Rg3 53.Rg8 Rg2+ 54.Kf1 f3 55.Rg7 d5 56.Re7+ Kf6 57.Rd7 Ke6
58.Ra7 Rxg6 59.b4 Ke5  0-1

[Event "ch-BRA"]
[Site "Rio de Janeiro BRA"]
[Date "2004.02.29"]
[Round "5"]
[White "Bittencourt,J"]
[Black "Dumont,S"]
[Result "1-0"]
[WhiteElo "2341"]
[BlackElo "2341"]

1.e4 c5 2.Nf3 e6 3.d4 cxd4 4.Nxd4 a6 5.Bd3 g6 6.c4 Bg7 7.Be3 Nf6 8.Nc3 d5
9.e5 Nfd7 10.cxd5 Nxe5 11.dxe6 Nxd3+ 12.Qxd3 fxe6 13.Qe4 e5 14.Rd1 O-O 15.Ne6 Qxd1+
16.Nxd1 Bxe6 17.Qxb7 Nd7 18.O-O Nf6 19.b3 Nd5 20.Ba7 Nf4 21.Ne3 Ne2+ 22.Kh1 Nd4
23.Nc4 Rad8 24.Qxa6 Bd5 25.Ne3 Ba8 26.Bc5 Rf7 27.Qc4 g5 28.Rd1 h5 29.Bxd4 exd4
30.Nf5 Bd5 31.Qd3 Bf8 32.Kg1 g4 33.Nh4 Be7 34.Ng6 Bc5 35.Ne5 Rf6 36.Qb5 Bf8
37.Rxd4 Rf5 38.Rxd5 Rxe5 39.Rxe5 Rd1+ 40.Qf1 Rxf1+ 41.Kxf1  1-0

[Event "70th ch-BLR"]
[Site "Minsk BLR"]
[Date "2004.03.04"]
[Round "1"]
[White "Azarov,S"]
[Black "Gorovets,A"]
[Result "1-0"]
[WhiteElo "2551"]
[BlackElo "2393"]

1.e4 c5 2.Nf3 e6 3.d4 cxd4 4.Nxd4 a6 5.Bd3 Ne7 6.O-O Nbc6 7.Nxc6 Nxc6 8.f4 Bc5+
9.Kh1 d6 10.Nd2 Qe7 11.Nf3 Bd7 12.c3 Ba7 13.Qe2 O-O 14.e5 f6 15.exd6 Qxd6
16.Be3 Bxe3 17.Qxe3 Rae8 18.Rad1 Qc7 19.Bxh7+ Kxh7 20.Qd3+ Kg8 21.Qxd7 Re7
22.Qxc7 Rxc7 23.Rfe1 Kf7 24.Kg1 Re8 25.Rd3 Ne7 26.Nd4 Nc6 27.Nf3 Ne7 28.g3 Nc6
29.Kf2 Ree7 30.Red1 Re8 31.h4 Ke7 32.h5 Rd8 33.Rxd8 Nxd8 34.g4 Nf7 35.Nd4 Rd7
36.Re1 e5 37.Nf3 Ke6 38.Nd4+ Ke7 39.g5 Kf8 40.Ne6+ Kg8 41.g6 Nh6 42.Nc5 Rd5
43.Nxb7 Rb5 44.Rd1 Rxb2+ 45.Kf3 Kf8 46.Rd7 Nf5 47.fxe5 Rh2 48.Rf7+ Kg8 49.Rc7 Kf8
50.exf6 gxf6 51.Rh7 Rh4 52.Nc5  1-0

[Event "ch-PER"]
[Site "Lima PER"]
[Date "2004.03.05"]
[Round "1.2"]
[White "Ascoy,A"]
[Black "Esplana,C"]
[Result "0-1"]
[WhiteElo "2188"]
[BlackElo "2320"]

1.e4 c5 2.Nf3 e6 3.d4 cxd4 4.Nxd4 a6 5.Bd3 Nf6 6.O-O d6 7.c4 Nbd7 8.Nc3 Qc7
9.f4 Be7 10.Kh1 O-O 11.Qe2 Re8 12.Bd2 b6 13.Rae1 g6 14.e5 Nh5 15.Be4 Bb7
16.Bxb7 Qxb7 17.exd6 Bxd6 18.Ne4 Bf8 19.Nf3 Nhf6 20.Nxf6+ Nxf6 21.Ne5 Red8
22.Bc3 Bg7 23.Qe3 Rac8 24.Re2 b5 25.Ba5 Re8 26.b3 bxc4 27.bxc4 Nd7 28.Qb3 Nc5
29.Qe3 Nd7 30.Qb3 Qa7 31.Nxd7 Qxd7 32.Rd1 Qc6 33.Rc1 Bh6 34.Bd2 Red8 35.Qc3 Bg7
36.Qc2 Rb8 37.Ba5 Rd4 38.c5 Rxf4 39.Qd1 Rd4 40.Rd2 e5 41.h3  0-1